[Event "Cheliabinsk-B"]
[Site "Cheliabinsk"]
[Date "1990.??.??"]
[Round "?"]
[White "Garkov, Mitko"]
[Black "Kharlov, Andrei"]
[Result "0-1"]
[WhiteElo "2315"]
[BlackElo "2425"]
[PlyCount "80"]
[EventDate "1990.??.??"]
[EventType "tourn"]
[EventRounds "13"]
[EventCountry "URS"]
[EventCategory "5"]
[SourceTitle "EXT 2000"]
[Source "ChessBase"]
[SourceDate "1999.11.16"]
[SourceVersion "1"]
[SourceVersionDate "1999.11.16"]
[SourceQuality "1"]

1. f4 d5 2. Nf3 g6 3. c4 e6 4. d3 Bg7 5. Nc3 d4 6. Ne4 Ne7 7. g3 f5 8. Nf2 c5
9. Bg2 Nbc6 10. O-O O-O 11. a3 a5 12. Rb1 Qd6 13. e4 dxe3 14. Bxe3 Bd7 15. Bd2
Rab8 16. Bc3 b5 17. cxb5 Rxb5 18. Bxg7 Kxg7 19. Re1 Rfb8 20. Qd2 Nd4 21. Ne5
Bc6 22. Nxc6 Nexc6 23. Nd1 Nd8 24. Ne3 Nf7 25. Nc4 Qc7 26. Qe3 Rb3 27. Rbc1 Rd8
28. Qd2 a4 29. Rc3 Nd6 30. Rxb3 Nxc4 31. Qc3 axb3 32. Qxc4 Qa5 33. Qc1 Nc2 34.
Rxe6 Rxd3 35. Bf1 Rd2 36. Re7+ Kf6 37. Re2 Rxe2 38. Bxe2 c4 39. Qd1 Qb6+ 40.
Kf1 Ne3+ 0-1

[Event "Cheliabinsk-B"]
[Site "Cheliabinsk"]
[Date "1990.??.??"]
[Round "?"]
[White "Kharlov, Andrei"]
[Black "Bashkov, Viacheslav"]
[Result "1-0"]
[WhiteElo "2425"]
[BlackElo "2400"]
[PlyCount "80"]
[EventDate "1990.??.??"]
[EventType "tourn"]
[EventRounds "13"]
[EventCountry "URS"]
[EventCategory "5"]
[SourceTitle "EXT 2000"]
[Source "ChessBase"]
[SourceDate "1999.11.16"]
[SourceVersion "1"]
[SourceVersionDate "1999.11.16"]
[SourceQuality "1"]

1. f4 d5 2. Nf3 Nf6 3. g3 c5 4. Bg2 Nc6 5. O-O e6 6. d3 Be7 7. c3 O-O 8. h3 Bd6
9. g4 e5 10. e3 Bc7 11. Na3 a6 12. Nc2 b6 13. g5 Ne8 14. c4 dxc4 15. dxc4 Bb7
16. Qxd8 Rxd8 17. Nxe5 Bxe5 18. fxe5 Ba8 19. b3 Nxe5 20. Bxa8 Rxa8 21. Bb2 Ng6
22. Kg2 Rd8 23. Rad1 Nc7 24. Kg3 Ne6 25. h4 Rxd1 26. Rxd1 Rd8 27. Rxd8+ Nxd8
28. e4 Nc6 29. Ne3 b5 30. cxb5 axb5 31. a4 bxa4 32. bxa4 Nf8 33. Nc4 Ne6 34.
Ne5 Nb4 35. a5 Kf8 36. Bc3 Na6 37. Nd3 h6 38. gxh6 gxh6 39. Nf4 Nec7 40. h5 Nb5
{(...)} 1-0

[Event "Cheliabinsk-B"]
[Site "Cheliabinsk"]
[Date "1990.??.??"]
[Round "?"]
[White "Kharlov, Andrei"]
[Black "Enkhbat, Tsendragchaa"]
[Result "1/2-1/2"]
[WhiteElo "2425"]
[BlackElo "2200"]
[PlyCount "103"]
[EventDate "1990.??.??"]
[EventType "tourn"]
[EventRounds "13"]
[EventCountry "URS"]
[EventCategory "5"]
[SourceTitle "EXT 2000"]
[Source "ChessBase"]
[SourceDate "1999.11.16"]
[SourceVersion "1"]
[SourceVersionDate "1999.11.16"]
[SourceQuality "1"]

1. e4 c5 2. c3 e6 3. d4 d5 4. e5 Nc6 5. Nf3 Qb6 6. a3 Bd7 7. b4 cxd4 8. cxd4
Nge7 9. Bb2 Rc8 10. Nc3 Na5 11. Na4 Bxa4 12. Qxa4+ Nac6 13. Rc1 a6 14. Bd3 Ng6
15. g3 Be7 16. h4 Nf8 17. Qd1 h6 18. O-O Nd7 19. Bb1 a5 20. Ne1 axb4 21. axb4
g5 22. hxg5 hxg5 23. Nd3 Ra8 24. Kg2 Nxd4 25. Qg4 Nc6 26. Rh1 Rf8 27. Rh7 d4
28. Qe4 Bxb4 29. Bc2 Ba3 30. Ra1 Nc5 31. Nxc5 Qxc5 32. Qd3 Nb4 33. Rxa3 Nxd3
34. Rxa8+ Kd7 35. Rxf8 Ne1+ 36. Kf1 Qxf8 37. Ba4+ Kc7 38. Bxd4 Nd3 39. Bc2 Qa3
40. Rxf7+ Kc6 41. Ke2 Nc5 42. Rf8 b6 43. Rd8 Kc7 44. Rd6 Qc1 45. Bd3 b5 46.
Bxc5 Qxc5 47. Rxe6 b4 48. f4 b3 49. Rg6 gxf4 50. gxf4 Qd4 51. Rf6 b2 52. Bg6
1/2-1/2

[Event "Cheliabinsk-B"]
[Site "Cheliabinsk"]
[Date "1990.??.??"]
[Round "?"]
[White "Kharlov, Andrei"]
[Black "Radoja, Djordje"]
[Result "1-0"]
[WhiteElo "2425"]
[BlackElo "2300"]
[PlyCount "55"]
[EventDate "1990.??.??"]
[EventType "tourn"]
[EventRounds "13"]
[EventCountry "URS"]
[EventCategory "5"]
[SourceTitle "EXT 2000"]
[Source "ChessBase"]
[SourceDate "1999.11.16"]
[SourceVersion "1"]
[SourceVersionDate "1999.11.16"]
[SourceQuality "1"]

1. e4 c6 2. d4 d5 3. exd5 cxd5 4. c4 Nf6 5. Nc3 g6 6. Qb3 Bg7 7. cxd5 O-O 8.
Nge2 Nbd7 9. g3 Nb6 10. Bg2 Bf5 11. Nf4 Qd7 12. Be3 g5 13. Nfe2 h6 14. h4 Ng4
15. Bd2 Bd3 16. hxg5 hxg5 17. Bxg5 Qf5 18. Bf4 Bc2 19. Qb5 Bd3 20. Qxd3 Qxd3
21. Be4 Nxf2 22. Kxf2 Bxd4+ 23. Kg2 Qc4 24. Bh7+ Kg7 25. Nxd4 Qxd4 26. Bh6+ Kh8
27. Bf5 Kg8 28. Rh4 1-0

[Event "Cheliabinsk-B"]
[Site "Cheliabinsk"]
[Date "1990.??.??"]
[Round "?"]
[White "Kharlov, Andrei"]
[Black "Sorokin, Maxim"]
[Result "1/2-1/2"]
[WhiteElo "2425"]
[BlackElo "2480"]
[PlyCount "29"]
[EventDate "1990.??.??"]
[EventType "tourn"]
[EventRounds "13"]
[EventCountry "URS"]
[EventCategory "5"]
[SourceTitle "EXT 2000"]
[Source "ChessBase"]
[SourceDate "1999.11.16"]
[SourceVersion "1"]
[SourceVersionDate "1999.11.16"]
[SourceQuality "1"]

1. e4 c5 2. c3 e6 3. d4 d5 4. exd5 Qxd5 5. Nf3 Nf6 6. Be2 Be7 7. O-O cxd4 8.
cxd4 Nc6 9. Nc3 Qd6 10. Nb5 Qd8 11. Bf4 Nd5 12. Bg3 O-O 13. Bc4 a6 14. Bxd5
axb5 15. Bb3 1/2-1/2

[Event "Cheliabinsk-B"]
[Site "Cheliabinsk"]
[Date "1990.??.??"]
[Round "?"]
[White "Kharlov, Andrei"]
[Black "Zivkovic, Dragan"]
[Result "1-0"]
[WhiteElo "2425"]
[BlackElo "2320"]
[PlyCount "39"]
[EventDate "1990.??.??"]
[EventType "tourn"]
[EventRounds "13"]
[EventCountry "URS"]
[EventCategory "5"]
[SourceTitle "EXT 2000"]
[Source "ChessBase"]
[SourceDate "1999.11.16"]
[SourceVersion "1"]
[SourceVersionDate "1999.11.16"]
[SourceQuality "1"]

1. e4 c6 2. d4 d5 3. exd5 cxd5 4. c4 e6 5. Nc3 Nc6 6. Nf3 Nf6 7. cxd5 Nxd5 8.
Bd3 a6 9. O-O Be7 10. Re1 O-O 11. a3 Ra7 12. Qc2 f5 13. Nxd5 exd5 14. Bf4 Bf6
15. Qc5 Qa5 16. Qxa5 Nxa5 17. Bd6 Nb3 18. Bxf8 Nxa1 19. Bb4 a5 20. Bc3 1-0

[Event "Cheliabinsk-B"]
[Site "Cheliabinsk"]
[Date "1990.??.??"]
[Round "?"]
[White "Magomedov, Magaram"]
[Black "Kharlov, Andrei"]
[Result "1-0"]
[WhiteElo "2395"]
[BlackElo "2425"]
[PlyCount "115"]
[EventDate "1990.??.??"]
[EventType "tourn"]
[EventRounds "13"]
[EventCountry "URS"]
[EventCategory "5"]
[SourceTitle "EXT 2000"]
[Source "ChessBase"]
[SourceDate "1999.11.16"]
[SourceVersion "1"]
[SourceVersionDate "1999.11.16"]
[SourceQuality "1"]

1. e4 c5 2. Nf3 Nc6 3. Bb5 g6 4. O-O Bg7 5. Bxc6 bxc6 6. d3 d6 7. Re1 e5 8. Bg5
Ne7 9. Qc1 h6 10. Be3 f5 11. exf5 Nxf5 12. Nc3 O-O 13. Ne4 Rb8 14. Rb1 Be6 15.
b3 g5 16. h3 Rb7 17. Nh2 Kh8 18. Qd2 Rg8 19. Ng4 Rf7 20. c3 a5 21. Qe2 Re8 22.
Bc1 Qd7 23. Ne3 Ref8 24. Qh5 Nxe3 25. Bxe3 Kg8 26. Qg6 Rd8 27. Ng3 Rff8 28. Qh5
Ra8 29. Qe2 a4 30. Ne4 axb3 31. axb3 Ra3 32. Qc2 Rfa8 33. c4 Qe7 34. Nc3 R3a7
35. b4 cxb4 36. Bxa7 bxc3 37. Be3 e4 38. d4 Bxc4 39. Qxc3 d5 40. Ra1 Rf8 41.
Ra5 Qe6 42. Qd2 Kh7 43. Ra7 Kg6 44. Qb4 Rf7 45. Rxf7 Qxf7 46. Qc5 Bb5 47. Ra1
Qf8 48. Qb6 Qc8 49. Ra7 Bf8 50. Rc7 Qe8 51. Qb7 Qe6 52. Qa8 Bg7 53. Qd8 Bf6 54.
Qf8 Be2 55. h4 c5 56. hxg5 cxd4 57. Rc6 Qxc6 58. Qxh6+ 1-0

[Event "Cheliabinsk-B"]
[Site "Cheliabinsk"]
[Date "1990.??.??"]
[Round "?"]
[White "Petronijevic, Zoran"]
[Black "Kharlov, Andrei"]
[Result "1/2-1/2"]
[WhiteElo "2285"]
[BlackElo "2425"]
[PlyCount "106"]
[EventDate "1990.??.??"]
[EventType "tourn"]
[EventRounds "13"]
[EventCountry "URS"]
[EventCategory "5"]
[SourceTitle "EXT 2000"]
[Source "ChessBase"]
[SourceDate "1999.11.16"]
[SourceVersion "1"]
[SourceVersionDate "1999.11.16"]
[SourceQuality "1"]

1. e4 c5 2. c3 d5 3. exd5 Qxd5 4. d4 Nf6 5. Nf3 e6 6. Na3 Qd8 7. Nc2 Be7 8. g3
b6 9. Bg2 Bb7 10. O-O Nbd7 11. Qe2 O-O 12. Rd1 Qc8 13. Ne5 cxd4 14. Bxb7 Qxb7
15. Nxd7 Nxd7 16. Nxd4 Bf6 17. Nf3 e5 18. Be3 e4 19. Ne1 Rfd8 20. Bd4 h6 21.
Rd2 Bg5 22. Rdd1 Qc6 23. Ng2 Bf6 24. Bxf6 Nxf6 25. Ne3 Qe6 26. Qc4 Qe5 27. Rd4
Rxd4 28. cxd4 Qe8 29. Rc1 Rd8 30. d5 Qe5 31. Qc7 Qxc7 32. Rxc7 Nxd5 33. Nxd5
Rxd5 34. Rxa7 Rd1+ 35. Kg2 Rd2 36. Kg1 Rxb2 37. a4 g5 38. a5 bxa5 39. Rxa5 Kg7
40. Ra4 Rb1+ 41. Kg2 Re1 42. Ra5 Kg6 43. g4 h5 44. Ra6+ f6 45. gxh5+ Kf5 46. h6
Rb1 47. h7 Rb8 48. Ra7 Kg6 49. f3 exf3+ 50. Kxf3 Rh8 51. h4 gxh4 52. Kg4 Rxh7
53. Rxh7 Kxh7 1/2-1/2

[Event "Cheliabinsk-B"]
[Site "Cheliabinsk"]
[Date "1990.??.??"]
[Round "?"]
[White "Vaulin, Alexander"]
[Black "Kharlov, Andrei"]
[Result "0-1"]
[WhiteElo "2450"]
[BlackElo "2425"]
[PlyCount "106"]
[EventDate "1990.??.??"]
[EventType "tourn"]
[EventRounds "13"]
[EventCountry "URS"]
[EventCategory "5"]
[SourceTitle "EXT 2000"]
[Source "ChessBase"]
[SourceDate "1999.11.16"]
[SourceVersion "1"]
[SourceVersionDate "1999.11.16"]
[SourceQuality "1"]

1. c4 e5 2. g3 Nf6 3. Bg2 d5 4. cxd5 Nxd5 5. Nc3 Nb6 6. Nf3 Nc6 7. O-O Be7 8.
a3 O-O 9. b4 Re8 10. d3 Bf8 11. Rb1 Nd4 12. Nd2 c6 13. e3 Ne6 14. Nb3 Nd5 15.
Nxd5 cxd5 16. Bb2 Nc7 17. Rc1 b6 18. f4 exf4 19. Rxf4 Bd6 20. Rf2 Rxe3 21. Qh5
Re7 22. Rcf1 Qf8 23. Nd4 Bd7 24. Bh3 g6 25. Qh4 Bxh3 26. Nc6 Bxf1 27. Qf6 Re5
28. Bxe5 Bxe5 29. Ne7+ Qxe7 30. Qxe7 Bh3 31. Qxf7+ Kh8 32. Kh1 Ne6 33. Qb7 Nc7
34. Qxa8+ Nxa8 35. Rf8+ Kg7 36. Rxa8 Kf6 37. Rxa7 Bf5 38. Rxh7 Bxd3 39. a4 d4
40. Kg1 Bc4 41. Kf2 Bd6 42. a5 bxa5 43. bxa5 d3 44. Ke3 Ke5 45. a6 Bc5+ 46. Kd2
Bb4+ 47. Ke3 d2 48. Rd7 Bd5 49. Rxd5+ Kxd5 50. Ke2 Kc6 51. h4 Kb6 52. g4 Kxa6
53. g5 Bc3 0-1

[Event "RSFSR-ch"]
[Site "Kuibyshev"]
[Date "1990.??.??"]
[Round "?"]
[White "Belikov, Vladimir"]
[Black "Kharlov, Andrei"]
[Result "1/2-1/2"]
[WhiteElo "2375"]
[BlackElo "2425"]
[PlyCount "176"]
[EventDate "1990.??.??"]
[EventType "tourn"]
[EventRounds "15"]
[EventCountry "URS"]
[EventCategory "6"]
[SourceTitle "CBM 021"]
[Source "ChessBase"]
[SourceDate "1991.04.01"]
[SourceVersion "1"]
[SourceVersionDate "1991.04.01"]
[SourceQuality "1"]

1. c4 e6 2. Nc3 d5 3. d4 c6 4. Nf3 dxc4 5. a4 Bb4 6. e3 b5 7. Bd2 Bb7 8. axb5
Bxc3 9. Bxc3 cxb5 10. b3 a5 11. bxc4 b4 12. Bb2 Nf6 13. Be2 Nbd7 14. O-O O-O
15. Nd2 Qc7 16. Qc2 a4 17. Rfb1 Rfb8 18. h3 Bc6 19. Bf1 a3 20. Bc1 Qa5 21. f3
e5 22. Nb3 Qa7 23. Qf2 Ba4 24. Bd2 Bxb3 25. Rxb3 Qa4 26. Rbb1 b3 27. Bc1 a2 28.
Rb2 Nb6 29. Qe2 exd4 30. exd4 Qb4 31. Bd2 Qd6 32. c5 Qxd4+ 33. Be3 Qxb2 34.
Qxb2 Na4 35. Qd4 b2 36. Rxa2 b1=Q 37. Rxa4 Rxa4 38. Qxa4 Nd5 39. Bf2 Qc1 40.
Qa7 Rf8 41. Qa5 Ne3 42. Qe1 Qxe1 43. Bxe1 Nxf1 44. Kxf1 f6 45. Bg3 Rc8 46. Bd6
Kf7 47. Kf2 Ke6 48. g4 Ra8 49. Kg3 Ra2 50. h4 g6 51. Bf8 Rc2 52. Bd6 Rd2 53.
Bf8 Rd5 54. Kf4 Rd1 55. Kg3 Rh1 56. Bd6 Rg1+ 57. Kf2 Rb1 58. Kg3 Rb4 59. Bf8
Rb8 60. Bd6 Rb4 61. Bf8 Rd4 62. Bd6 f5 63. gxf5+ gxf5 64. Bf8 Rc4 65. Bd6 Kf7
66. Kh3 Kf6 67. Kg3 Kg6 68. Be7 f4+ 69. Kf2 Rc2+ 70. Kg1 Kf5 71. Bd6 Rd2 72.
Bb8 Rd8 73. Bd6 Rg8+ 74. Kf2 Rg6 75. Kf1 Rh6 76. Kg2 Rf6 77. Kf2 Ke6 78. Kg2
Kd5 79. Kf2 Kd4 80. Ke2 h5 81. Kf2 Kd3 82. Be5 Rc6 83. Bd6 Rc8 84. Bxf4 Rxc5
85. Bg5 Rc2+ 86. Kf1 Ra2 87. Bf4 Ra1+ 88. Kf2 Ra2+ 1/2-1/2

[Event "RSFSR-ch"]
[Site "Kuibyshev"]
[Date "1990.??.??"]
[Round "?"]
[White "Kharlov, Andrei"]
[Black "Doroshkievich, Vladimir"]
[Result "1/2-1/2"]
[WhiteElo "2425"]
[BlackElo "2360"]
[PlyCount "109"]
[EventDate "1990.??.??"]
[EventType "tourn"]
[EventRounds "15"]
[EventCountry "URS"]
[EventCategory "6"]
[SourceTitle "CBM 021"]
[Source "ChessBase"]
[SourceDate "1991.04.01"]
[SourceVersion "1"]
[SourceVersionDate "1991.04.01"]
[SourceQuality "1"]

1. e4 c5 2. c3 Nf6 3. e5 Nd5 4. d4 cxd4 5. Nf3 Nc6 6. Bc4 Nb6 7. Bb3 d5 8. exd6
Qxd6 9. O-O Be6 10. Bxe6 Qxe6 11. Nxd4 Nxd4 12. cxd4 Rd8 13. Nc3 g6 14. Qf3 Qc6
15. Qxc6+ bxc6 16. Ne2 Bg7 17. Be3 Nd5 18. Rfc1 Kd7 19. Rc4 Rb8 20. b3 Rb5 21.
Rac1 Rc8 22. Bd2 Nb6 23. R4c2 Nd5 24. Rc4 Nb6 25. R4c2 Nd5 26. g4 e6 27. Rc4
Nb6 28. R4c3 Nd5 29. Rh3 Rh8 30. Kg2 h5 31. Rf3 f5 32. gxh5 Rxh5 33. Rg3 Bh6
34. f4 Rh4 35. Rxg6 Nxf4+ 36. Bxf4 Bxf4 37. Nxf4 Rxf4 38. Re1 Rxd4 39. Rgxe6 a5
40. Kg3 Rg4+ 41. Kf3 a4 42. Re7+ Kd6 43. R1e6+ Kc5 44. Re5+ Kb4 45. bxa4 Rxe5
46. Rxe5 Rh4 47. Kg3 Rg4+ 48. Kh3 Rf4 49. a5 c5 50. a6 Rf3+ 51. Kh4 Ra3 52. Re2
Rxa6 53. Kg5 c4 54. h4 Kc3 55. h5 1/2-1/2

[Event "RSFSR-ch"]
[Site "Kuibyshev"]
[Date "1990.??.??"]
[Round "?"]
[White "Kharlov, Andrei"]
[Black "Obukhov, Alexander"]
[Result "1-0"]
[WhiteElo "2425"]
[BlackElo "2225"]
[Annotator "Schussler"]
[PlyCount "53"]
[EventDate "1990.??.??"]
[EventType "tourn"]
[EventRounds "15"]
[EventCountry "URS"]
[EventCategory "6"]
[SourceTitle "CBM 021"]
[Source "ChessBase"]
[SourceDate "1991.04.01"]
[SourceVersion "1"]
[SourceVersionDate "1991.04.01"]
[SourceQuality "1"]

1. d4 Nf6 2. Nf3 c5 3. d5 e6 4. Nc3 {4. - b5!? see game 907 Sriez,C-Hajek,J. 4.
- d6} exd5 5. Nxd5 h6 $6 {Better is 5. - Sxd5 6.Dxd5 d6.} 6. e4 d6 7. Bc4 Be7
8. O-O Nxd5 9. Qxd5 Be6 10. Qxb7 Bxc4 11. Qxa8 Qc7 12. e5 d5 13. b3 O-O 14.
bxc4 Nc6 15. Qxf8+ Bxf8 16. cxd5 Nxe5 17. Nxe5 Qxe5 18. Be3 Qxd5 19. Rfd1 Qc4
20. Rd8 g5 21. Ra8 a6 22. h3 Kg7 23. Rd1 Qxa2 24. g3 Be7 25. Rd7 Qe6 26. Rc7
$16 h5 $4 27. Re8 1-0

[Event "RSFSR-ch"]
[Site "Kuibyshev"]
[Date "1990.??.??"]
[Round "?"]
[White "Kharlov, Andrei"]
[Black "Semeniuk, Alexander"]
[Result "0-1"]
[WhiteElo "2425"]
[BlackElo "2340"]
[PlyCount "91"]
[EventDate "1990.??.??"]
[EventType "tourn"]
[EventRounds "15"]
[EventCountry "URS"]
[EventCategory "6"]
[SourceTitle "CBM 021"]
[Source "ChessBase"]
[SourceDate "1991.04.01"]
[SourceVersion "1"]
[SourceVersionDate "1991.04.01"]
[SourceQuality "1"]

1. Nf3 Nf6 2. d4 b5 3. Bg5 Ne4 4. Bh4 Bb7 5. e3 a6 6. Nbd2 g6 7. a4 b4 8. Bc4
Nxd2 9. Qxd2 Bxf3 10. gxf3 a5 11. e4 Bg7 12. O-O-O O-O 13. f4 d6 14. f5 Kh8 15.
fxg6 fxg6 16. Bg5 Nd7 17. h4 Nf6 18. Qe3 Qe8 19. Bxf6 Rxf6 20. h5 g5 21. e5
dxe5 22. h6 Rxh6 23. Rxh6 Bxh6 24. Rh1 Qc6 25. Qxe5+ Bg7 26. Qh2 h6 27. Bd3 Rf8
28. Rd1 Qf6 29. Qh5 Qf7 30. Bg6 Qf6 31. Kb1 c5 32. Be4 Qd6 33. Bg2 Rd8 34. Be4
Qe6 35. Qf3 g4 36. Qh1 Rxd4 37. Rxd4 Bxd4 38. Bd5 Qg6 39. Bc4 Kg7 40. Qd5 h5
41. Qg8+ Kh6 42. Qf8+ Qg7 43. Qf4+ Qg5 44. Qe4 Qe5 45. Qc6+ Kg5 46. Bd3 0-1

[Event "RSFSR-ch"]
[Site "Kuibyshev"]
[Date "1990.??.??"]
[Round "?"]
[White "Kharlov, Andrei"]
[Black "Shabanov, Yuri"]
[Result "1/2-1/2"]
[WhiteElo "2425"]
[BlackElo "2375"]
[Annotator "Ribli"]
[PlyCount "116"]
[EventDate "1990.??.??"]
[EventType "tourn"]
[EventRounds "15"]
[EventCountry "URS"]
[EventCategory "6"]
[SourceTitle "CBM 021"]
[Source "ChessBase"]
[SourceDate "1991.04.01"]
[SourceVersion "1"]
[SourceVersionDate "1991.04.01"]
[SourceQuality "1"]

1. c4 Nf6 2. Nc3 c6 3. e4 e5 4. Nf3 Qc7 (4... Bb4 5. Nxe5 O-O 6. Be2 d6 7. Nd3
$1 $14 {Vaganian,R-Nogueiras,J Leningrad 1987}) 5. d4 Bb4 6. dxe5 Nxe4 7. Qd4
Qa5 8. Qxe4 Bxc3+ 9. Bd2 Bxd2+ 10. Nxd2 Na6 11. a3 O-O 12. O-O-O d5 $5 13. exd6
Bf5 14. Nb3 Qxa3 $1 15. bxa3 Bxe4 16. Rd4 Bf5 17. c5 Nb8 18. Bc4 Nd7 19. Re1 b5
$1 20. cxb6 axb6 21. g4 c5 22. Rf4 Be6 23. Kb2 g5 24. Bxe6 fxe6 25. Rxf8+ Rxf8
26. Rxe6 Rxf2+ 27. Kc3 Rf3+ 28. Kc2 Rf6 29. Re8+ Kg7 30. Re7+ Rf7 31. Re6 Rf6
32. Re7+ Rf7 33. Re6 Nf8 34. Re5 Kf6 35. Re2 Rd7 36. Nd2 Ne6 37. Kc3 Nd4 38.
Ne4+ Kf7 39. Rf2+ Ke6 40. Kc4 Ke5 41. Nxg5 Kxd6 42. Rf6+ Kc7 43. Rh6 Nc2 44. a4
Kb7 45. Rxh7 Ne3+ 46. Kb5 Rxh7 47. Nxh7 Nxg4 48. h4 Nh6 49. h5 Nf7 50. Kc4 Kc6
51. Nf6 Ne5+ 52. Kb3 b5 53. a5 Kb7 54. Ne4 Ka6 55. Nxc5+ Kxa5 56. h6 Nf7 57. h7
Kb6 58. Ne6 Nh8 1/2-1/2

[Event "RSFSR-ch"]
[Site "Kuibyshev"]
[Date "1990.??.??"]
[Round "?"]
[White "Kharlov, Andrei"]
[Black "Tunik, Gennady"]
[Result "1-0"]
[WhiteElo "2425"]
[BlackElo "2475"]
[PlyCount "115"]
[EventDate "1990.??.??"]
[EventType "tourn"]
[EventRounds "15"]
[EventCountry "URS"]
[EventCategory "6"]
[SourceTitle "CBM 021"]
[Source "ChessBase"]
[SourceDate "1991.04.01"]
[SourceVersion "1"]
[SourceVersionDate "1991.04.01"]
[SourceQuality "1"]

1. e4 c5 2. c3 d5 3. exd5 Qxd5 4. d4 e6 5. Na3 cxd4 6. Nb5 Na6 7. Qxd4 Qxd4 8.
Nxd4 Nc7 9. Bf4 Nd5 10. Bb5+ Bd7 11. Bxd7+ Kxd7 12. Bg3 Bd6 13. c4 Bxg3 14.
cxd5 Be5 15. dxe6+ fxe6 16. Ngf3 Bxd4 17. Nxd4 e5 18. Nf5 g6 19. O-O-O+ Kc7 20.
Nd6 Nf6 21. Nf7 Rhe8 22. Rhe1 Re7 23. Nxe5 Rae8 24. Nd3 Rxe1 25. Nxe1 Ng4 26.
Nd3 Rf8 27. f3 Ne3 28. Rd2 Nf1 29. Re2 Kd6 30. Re1 Nxh2 31. Rh1 Nxf3 32. gxf3
Rxf3 33. Ne1 Rf7 34. Kd2 Ke6 35. Ke3 Rc7 36. Nd3 Kf6 37. Rf1+ Kg7 38. Ne5 b5
39. b4 a6 40. Kd4 Rc2 41. a3 Rd2+ 42. Ke4 Ra2 43. Rf7+ Kh6 44. Ra7 Kg5 45. Rxa6
Re2+ 46. Kd4 Kf5 47. Nf7 g5 48. Nh6+ Kf4 49. Rf6+ Kg3 50. Rf5 g4 51. Rxb5 Re6
52. Rh5 Ra6 53. b5 Rxa3 54. b6 Ra4+ 55. Kc3 Ra6 56. Rb5 Ra8 57. Rb4 Kh4 58.
Nxg4 1-0

[Event "RSFSR-ch"]
[Site "Kuibyshev"]
[Date "1990.??.??"]
[Round "?"]
[White "Makarov, Marat"]
[Black "Kharlov, Andrei"]
[Result "1/2-1/2"]
[WhiteElo "2480"]
[BlackElo "2425"]
[PlyCount "80"]
[EventDate "1990.??.??"]
[EventType "tourn"]
[EventRounds "15"]
[EventCountry "URS"]
[EventCategory "6"]
[SourceTitle "CBM 021"]
[Source "ChessBase"]
[SourceDate "1991.04.01"]
[SourceVersion "1"]
[SourceVersionDate "1991.04.01"]
[SourceQuality "1"]

1. Nf3 Nf6 2. d4 d5 3. c4 e6 4. Bg5 dxc4 5. Nc3 c6 6. a4 Bb4 7. e3 b5 8. Be2
Bb7 9. O-O a6 10. Qc2 Nbd7 11. e4 h6 12. Bh4 Qb6 13. Rfd1 O-O 14. Ne5 Qc7 15.
Nxd7 Nxd7 16. Na2 Ba5 17. Bg3 Qd8 18. b3 cxb3 19. Qxb3 Nb6 20. axb5 cxb5 21.
Nc1 Nd7 22. d5 exd5 23. exd5 Re8 24. Bf3 Nc5 25. Qa3 Bb6 26. Nd3 Nxd3 27. Qxd3
b4 28. d6 Bxf3 29. gxf3 a5 30. d7 Re7 31. Rac1 a4 32. Qd5 Rxd7 33. Qxd7 Qxd7
34. Rxd7 b3 35. Be5 a3 36. Ra1 Ra5 37. Rb7 b2 38. Rxb6 Rxe5 39. Rxa3 Re1+ 40.
Kg2 b1=Q 1/2-1/2

[Event "RSFSR-ch"]
[Site "Kuibyshev"]
[Date "1990.??.??"]
[Round "?"]
[White "Sorokin, Maxim"]
[Black "Kharlov, Andrei"]
[Result "0-1"]
[WhiteElo "2480"]
[BlackElo "2425"]
[Annotator "Ribli"]
[PlyCount "80"]
[EventDate "1990.??.??"]
[EventType "tourn"]
[EventRounds "15"]
[EventCountry "URS"]
[EventCategory "6"]
[SourceTitle "CBM 021"]
[Source "ChessBase"]
[SourceDate "1991.04.01"]
[SourceVersion "1"]
[SourceVersionDate "1991.04.01"]
[SourceQuality "1"]

1. c4 e6 2. g3 d5 3. Bg2 c6 4. Qc2 Nf6 5. Nf3 c5 6. d4 (6. cxd5 $5 $14) 6...
cxd4 7. cxd5 Nxd5 8. Nxd4 Bd7 9. Nc3 Nb4 10. Qb1 Qb6 11. Nf3 Bc6 12. O-O Nd7
13. e4 $2 (13. a3 $1 Nd5 14. Nxd5 Bxd5 15. b4 $14) 13... a5 14. Be3 Bc5 15.
Bxc5 Nxc5 16. Ne5 O-O 17. Qd1 Bb5 18. Nxb5 Qxb5 19. a3 Rad8 20. Qf3 Nc2 21.
Rad1 Nd4 22. Qe3 Qxb2 23. Nc4 Qc3 $1 24. Qxc3 Ne2+ 25. Kh1 Nxc3 26. Rxd8 Rxd8
27. e5 Rd4 28. Nxa5 b6 29. Nb7 Nxb7 30. Bxb7 Ra4 31. Rc1 Rxa3 32. Rc2 b5 33.
Rd2 g5 34. Rd8+ Kg7 35. Rb8 Ra2 36. Kg1 g4 37. f3 h5 38. Bc6 Ne2+ 39. Kf1 Nd4
40. Be4 Rxh2 0-1

[Event "RSFSR-ch"]
[Site "Kuibyshev"]
[Date "1990.??.??"]
[Round "?"]
[White "Voitsekhovsky, Stanislav"]
[Black "Kharlov, Andrei"]
[Result "0-1"]
[WhiteElo "2335"]
[BlackElo "2425"]
[PlyCount "80"]
[EventDate "1990.??.??"]
[EventType "tourn"]
[EventRounds "15"]
[EventCountry "URS"]
[EventCategory "6"]
[SourceTitle "CBM 021"]
[Source "ChessBase"]
[SourceDate "1991.04.01"]
[SourceVersion "1"]
[SourceVersionDate "1991.04.01"]
[SourceQuality "1"]

1. d4 d5 2. Nf3 Nf6 3. c4 e6 4. e3 c5 5. Nc3 Nc6 6. a3 cxd4 7. exd4 Be7 8. Bd3
dxc4 9. Bxc4 O-O 10. O-O b6 11. Qd3 Bb7 12. Rd1 Rc8 13. Ba2 Rc7 14. Be3 Rd7 15.
Rac1 Bd6 16. Bb1 Ne7 17. Bg5 Ng6 18. Bxf6 Qxf6 19. Ne4 Qe7 20. Nxd6 Rxd6 21.
Ne5 Rfd8 22. Nc4 Qg5 23. Ne3 Qf4 24. Qc3 Rc6 25. Qxc6 Bxc6 26. Rxc6 Rxd4 27.
Rc8+ Nf8 28. Bd3 g6 29. g3 Qd6 30. Bc2 Rxd1+ 31. Bxd1 Kg7 32. Bf3 Nd7 33. Nc4
Qd3 34. Kg2 Nc5 35. Rc7 Qxc4 36. b4 a5 37. bxc5 bxc5 38. Ra7 Qa4 39. Be2 Qxa3
40. Bc4 Qb4 0-1

[Event "URS Army-ch"]
[Site "Khabarovsk"]
[Date "1990.??.??"]
[Round "?"]
[White "Kharlov, Andrei"]
[Black "Chuchelov, Vladimir"]
[Result "1-0"]
[WhiteElo "2425"]
[BlackElo "2375"]
[PlyCount "81"]
[EventDate "1990.??.??"]
[EventType "tourn"]
[EventRounds "12"]
[EventCountry "URS"]
[EventCategory "3"]
[SourceTitle "EXT 1997"]
[Source "ChessBase"]
[SourceDate "1996.11.15"]
[SourceVersion "1"]
[SourceVersionDate "1996.11.15"]
[SourceQuality "1"]

1. d4 Nf6 2. c4 d6 3. Nc3 Nbd7 4. e4 e5 5. Nge2 Be7 6. d5 O-O 7. Ng3 Ne8 8. Nf5
Bg5 9. Bxg5 Qxg5 10. h4 Qd8 11. g4 Ndf6 12. Bh3 Kh8 13. g5 Ng8 14. Qd2 g6 15.
Ng3 Bxh3 16. Rxh3 Qd7 17. Rh2 Qg4 18. Nce2 f5 19. exf5 gxf5 20. Qc3 b5 21. cxb5
Ne7 22. O-O-O Rb8 23. Qd3 Qb4 24. Nc3 a6 25. a3 Qf4+ 26. Kb1 axb5 27. Nxb5 Qa4
28. Nc3 Qxa3 29. f3 Ng7 30. h5 Rb3 31. h6 Rfb8 32. hxg7+ Kg8 33. Rdd2 Rxc3 34.
Qf1 Nxd5 35. Rxd5 Qa4 36. Rd3 Rc5 37. Nxf5 Ra5 38. Ra3 Qxa3 39. Qc4+ d5 40.
Nh6+ Kxg7 41. Qxc7+ 1-0